Navegancias /

Floridor Pérez, escritor chileno nacido en la localidad de Yates en 1937, estudió en las Escuelas Normales de Valvidia y Victoria, donde se tituló en 1957, y ha dedicado una gran parte de su trayectoria profesional a la docencia en diversos niveles y contextos educativos, incluida una experiencia de...

وصف كامل

محفوظ في:
التفاصيل البيبلوغرافية
المؤلف الرئيسي: Pérez, Floridor (autor)
مؤلفون آخرون: Hervi (ilustración) (ilustración)
التنسيق: كتاب
اللغة:الإسبانية
منشور في: Santiago, Chile : Zig-Zag, 2000, c2000
سلاسل:(Delfín de Color. Delfín Azul, desde 9 Años)
الموضوعات:
الوسوم: إضافة وسم
لا توجد وسوم, كن أول من يضع وسما على هذه التسجيلة!

MARC

LEADER 00000nam^a2200000^a^4500
001 000184987
005 20250521000000.0
009 20260310102134.076
020 |a 956-12-1366-4 
037 |a Acervo ITESO - Biblioteca 
041 |a ESP 
082 |a 808. 899282  |b PER 
100 |a Pérez, Floridor  |e (autor) 
245 1 0 |a Navegancias /  |c F. Pérez ; il. de Hervi. 
264 4 |a Santiago, Chile :  |b Zig-Zag,  |c 2000, c2000 
300 |a 77 p. 
336 |a texto  |b txt  |2 rdacontenido 
337 |a sin mediación  |b n  |2 rdamedio 
338 |a volumen  |b nc  |2 rdasoporte 
440 1 |a (Delfín de Color.  |p Delfín Azul, desde 9 Años) 
520 |a Floridor Pérez, escritor chileno nacido en la localidad de Yates en 1937, estudió en las Escuelas Normales de Valvidia y Victoria, donde se tituló en 1957, y ha dedicado una gran parte de su trayectoria profesional a la docencia en diversos niveles y contextos educativos, incluida una experiencia de quince años como profesor rural. Ha realizado contribuciones a la literatura pedagógica con títulos como Ortografía actualizada y Diccionario ortográfico de dudas de la lengua y entre sus aportes a la divulgación literaria se cuentan Antología del poema breve en Chile, Poesía chilena del deporte y los juegos y Cuentos de siempre para niños de hoy, pero también es autor de creaciones propias, como los libros de poesía Cartas de prisionero, Memorias de un condenado a amarte, Obra completamente incompleta: antología personal y Navegancias. 
649 |a XX 
650 |a Poesía Chilena 
650 |a Literatura Infantil -  |z Chile 
650 |a Literatura Chilena -  |y Siglo XXI 
700 |a Hervi  |e (ilustración) 
910 |a Fondo General 
920 |a Impresos - Libros 
930 |a Colección General 
940 |a Literatura 
905 |a 101 
901 |a 0500125928  |b IT1  |c LIT  |u 20250521 
901 |a 0500125931  |b IT1  |c LIT  |u 20250521 
902 |a https://opac.biblio.iteso.mx/vufind/Record/000184987